Construye tu vida sin adicciones : (Record no. 105909)

MARC details
000 -CABECERA
campo de control de longitud fija 00728nam a2200217 a 4500
005 - FECHA Y HORA DE LA ÚLTIMA TRANSACCIÓN
campo de control 20240308063712.0
008 - ELEMENTOS DE LONGITUD FIJA--INFORMACIÓN GENERAL
campo de control de longitud fija 040616s2000 mx r 000 0 spa d
020 ## - NÚMERO INTERNACIONAL NORMALIZADO PARA LIBROS
Número Internacional Estándar del Libro 9701851412
035 ## - NÚMERO DE CONTROL DEL SISTEMA
Número de control de sistema UPN01000133758
049 ## - COLECCIÓN
Colección CG
050 #4 - SIGNATURA TOPOGRÁFICA DE LA BIBLIOTECA DEL CONGRESO
Número de clasificación HV5824 Y6.8
Número de documento/Ítem C6.5
245 00 - MENCIÓN DE TÍTULO
Título Construye tu vida sin adicciones :
Resto del título modelo de prevención.
260 ## - PUBLICACIÓN, DISTRIBUCIÓN, ETC.
Lugar de publicación, distribución, etc. México :
Nombre del editor, distribuidor, etc. SEP,
Fecha de publicación, distribución, etc. c2000.
300 ## - DESCRIPCIÓN FÍSICA
Extensión 119 p. +
Material acompañante/anejo 1 guía (39 p.) + 54 tarjetas en un estuche
440 #0 - MENCIÓN DE SERIE/ASIENTO SECUNDARIO--TÍTULO
Título Biblioteca para la actualización del maestro
590 ## - NOTA LOCAL (RLIN)
Nota local Solicita las tarjetas en Mostrador de Préstamo
650 #4 - ASIENTO SECUNDARIO DE MATERIA - TERMINO TEMATICO
Término de materia o nombre geográfico como elemento de entrada Drogas y jóvenes
9 (RLIN) 1397
650 #4 - ASIENTO SECUNDARIO DE MATERIA - TERMINO TEMATICO
Término de materia o nombre geográfico como elemento de entrada Abuso de drogas
9 (RLIN) 242
650 #4 - ASIENTO SECUNDARIO DE MATERIA - TERMINO TEMATICO
Término de materia o nombre geográfico como elemento de entrada DROGAS -
Subdivisión general ESTUDIO Y ENSEÑANZA (SECUNDARIA)
9 (RLIN) 15451
905 ## - TIPO DE MATERIAL
Tipo de material Libro
Holdings
Estado de retiro Estado de pérdida Fuente del sistema de clasificación o colocación Estado dañado No para préstamo Código de colección Localización permanente Ubicación/localización actual Ubicación en estantería Total de préstamos Clasificación Código de barras Fecha visto por última vez Número de copia Tipo de ítem Koha Enumeración/cronología de publicación seriada Fecha de adquisición Renovaciones totales Fecha del último préstamo
    Library of Congress Classification     Colección General Bib. Gregorio Torres Quintero Bib. Gregorio Torres Quintero Planta baja   HV5824 Y6.8 C6.5 323478 31/12/2020 1 Libro        
    Library of Congress Classification     Colección General Bib. Gregorio Torres Quintero Bib. Gregorio Torres Quintero Planta baja   HV5824 Y6.8 C6.5 323479 31/12/2020 1 Libro AD      
    Library of Congress Classification     Colección General Bib. Gregorio Torres Quintero Bib. Gregorio Torres Quintero Planta baja 1 HV5824 Y6.8 C6.5 323477 31/12/2020 1 Libro        
    Library of Congress Classification     Colección General Bib. Gregorio Torres Quintero Bib. Gregorio Torres Quintero Planta baja 4 HV5824 Y6.8 C6.5 289293 23/10/2024 1 Libro   25/09/2024 1 25/09/2024
    Library of Congress Classification     Colección General Bib. Gregorio Torres Quintero Bib. Gregorio Torres Quintero Planta baja 8 HV5824 Y6.8 C6.5 U2500 31/12/2020 1 Libro Donación UNESCO      
    Library of Congress Classification     Colección General Bib. Gregorio Torres Quintero Bib. Gregorio Torres Quintero Planta baja 2 HV5824 Y6.8 C6.5 323476 17/10/2025 1 Libro AD     09/10/2025
    Library of Congress Classification     Colección General Bib. Gregorio Torres Quintero Bib. Gregorio Torres Quintero Planta baja   HV5824 Y6.8 C6.5 289294 31/12/2020 1 Libro AD